000 01029cam a2200277 4500
001 ABS64312
008 010730n2001 000 0 eng u
035 _a(Sirsi) u113841
100 _aSlevin, A.
245 _aValuation and disposal in China
260 _c2001
490 _aPlant and Machinery Newsletter
_v July 2001, 2-3(2)
520 _aOutlines the valuation environment in China and some of the problems encountered in both valuations and disposals. Points out that the biggest problem to any assessment of value or disposal of plant and machinery is the issue of control of assets.Concludes with a brief overview of the future of valuation in China.
590 _aABS
650 _aCHINA
650 _aDISPOSALS
650 _aPLANT AND MACHINERY
650 _aVALUATIONS
650 _aCOST APPROACH
650 _aINCOME APPROACH
650 _aTRANSACTION APPROACH
650 _aJOINT VENTURES
650 _aGOVERNMENT PROPERTY
690 _aPROPERTY-PROPERTY APPRAISAL AND VALUATION
942 _n0
999 _c67822
_d67822